000 003660000a22001210004500
090 _aAS
_bSeriadas
245 1 0 _aRelaciones biogeográficas de las hormigas de la Isla Gorgona
041 0 _aEspañol
700 1 _aAlberico, Michael
_96446
100 1 _aBaena, Martha Lucía
_94710
942 _cARTICULO
773 1 _tRevista Colombiana de Entomología
_h2
_q24-31
_d1991
_g17
999 _c15888
_d15888